Pokémon de la 4G en anglais - Statistiques

Statistiques générales
  • Ce quiz a été pris 29 fois
  • Le résultat moyen est 88 sur 107
Statistiques - réponses
Hint Réponse % Correct
Electivire Elekable
100%
Staraptor Etouraptor
100%
Gallade Gallame
100%
Kricketune Mélokrik
100%
Phione Phione
100%
Empoleon Pingoléon
100%
Riolu Riolu
100%
Shaymin Shaymin
100%
Vespiqueen Apireine
94%
Arceus Arceus
94%
Bastiodon Bastiodon
94%
Glameow Chaglam
94%
Toxicroak Coatox
94%
Croagunk Cradopaud
94%
Azelf Créfadet
94%
Cresselia Cresselia
94%
Darkrai Darkrai
94%
Dialga Dialga
94%
Drapion Drascore
94%
Giratina Giratina
94%
Glaceon Givrali
94%
Heatran Heatran
94%
Hippopotas Hippopotas
94%
Cranidos Kranidos
94%
Lopunny Lockpin
94%
Lucario Lucario
94%
Luxio Luxio
94%
Luxray Luxray
94%
Magmortar Maganon
94%
Magnezone Magnézone
94%
Manaphy Manaphy
94%
Mime Jr. Mime Jr.
94%
Rotom Motisma
94%
Chimchar Ouisticram
94%
Pachirisu Pachirisu
94%
Palkia Palkia
94%
Porygon-Z Porygon-Z
94%
Prinplup Prinplouf
94%
Regigigas Regigigas
94%
Rhyperior Rhinastoc
94%
Roserade Roserade
94%
Infernape Simiabraz
94%
Spiritomb Spiritomb
94%
Togekiss Togekiss
94%
Torterra Torterra
94%
Turtwig Tortipouss
94%
Yanmega Yanmega
94%
Bronzong Archéodong
88%
Abomasnow Blizzaroi
88%
Garchomp Carchacrok
88%
Monferno Chimpenfeu
88%
Kricketot Crikzik
88%
Munchlax Goinfrex
88%
Gible Griknot
88%
Hippowdon Hippodocus
88%
Bidoof Keunotor
88%
Lumineon Lumineon
88%
Dusknoir Noctunoir
88%
Leafeon Phyllali
88%
Piplup Tiplouf
88%
Bronzor Archéomire
82%
Drifloon Baudrive
82%
Gabite Carmache
82%
Cherrim Ceriflor
82%
Lickilicky Coudlangue
82%
Mesprit Créfollet
82%
Shieldon Dinoclier
82%
Staravia Etourvol
82%
Drifblim Grodrive
82%
Shinx Lixy
82%
Mamoswine Mammochon
82%
Stunky Moufouette
82%
Probopass Tarinorme
82%
Combee Apitrini
76%
Bibarel Castorno
76%
Uxie Créhelf
76%
Starly Etourmi
76%
Buneary Laporeille
76%
Mismagius Magirêve
76%
Froslass Momartik
76%
Buizel Mustébouée
76%
Floatzel Mustéflott
76%
Gliscor Scorvol
76%
Tangrowth Bouldeneu
71%
Ambipom Capidextre
71%
Cherubi Ceribou
71%
Honchkrow Corboss
71%
Chatot Pijako
71%
Happiny Ptiravi
71%
Gastrodon Tritosor
71%
Purugly Chaffreux
65%
Weavile Dimoret
65%
Skuntank Moufflair
65%
Carnivine Vortente
65%
Snover Blizzi
59%
Chingling Korillon
59%
Mothim Papilord
59%
Rampardos Charkos
53%
Wormadam Cheniselle
53%
Finneon Ecayon
53%
Bonsly Manzaï
47%
Skorupi Rapion
47%
Budew Rozbouton
47%
Mantyke Babimanta
41%
Burmy Cheniti
41%
Shellos Sancoki
41%
Grotle Boskara
35%
Aucun quiz correspondant
Distribution des résultats
% des personnes avec chaque résultat
Percentile par nombre de réponses
Votre historique - résultats
Vous n’avez pas pris ce quiz